|
|
|
|
| LEADER |
00000nam0a2200000 4500 |
| 001 |
108810 |
| 005 |
20231031115827.0 |
| 035 |
|
|
|a (RuTPU)RU\TPU\book\117462
|
| 090 |
|
|
|a 108810
|
| 100 |
|
|
|a 20070126d2006 m y0rusy50 ca
|
| 101 |
0 |
|
|a rus
|
| 102 |
|
|
|a RU
|
| 105 |
|
|
|a a z 000zy
|
| 200 |
1 |
|
|a Как выжить в Томской области, а также: Волгоградской, Владимирской, Ульяновской, Ярославской, Камчатской...
|f Ю. Лирмак
|
| 210 |
|
|
|a Томск
|c Красное знамя
|d 2006
|
| 215 |
|
|
|a 316 с.
|c ил.
|
| 610 |
1 |
|
|a гражданская оборона
|
| 610 |
1 |
|
|a ядерные аварии
|
| 610 |
1 |
|
|a средства защиты
|
| 610 |
1 |
|
|a оружие массового поражения
|
| 610 |
1 |
|
|a Чернобыльская авария
|
| 610 |
1 |
|
|a аварии
|
| 610 |
1 |
|
|a радиация
|
| 610 |
1 |
|
|a измерение
|
| 610 |
1 |
|
|a экология
|
| 610 |
1 |
|
|a СХК
|
| 610 |
1 |
|
|a Сибирский химический комбинат
|
| 610 |
1 |
|
|a Томск
|
| 675 |
|
|
|a 577.346:574
|v 3
|
| 686 |
|
|
|a Ц69.6(2)-5
|v LBC/SL-A
|2 rubbk
|
| 700 |
|
1 |
|a Лирмак
|b Ю.
|g Юрий
|
| 801 |
|
1 |
|a RU
|b 63413507
|c 20070126
|g PSBO
|
| 801 |
|
2 |
|a RU
|b 63413507
|c 20111214
|g PSBO
|
| 942 |
|
|
|c BK
|